Easy-Peasy Quiz - Statistics

General Stats
  • This quiz has been taken 67 times
  • The average score is 3 of 14
Answer Stats
Hint Answer % Correct
Where do turkey's come from USA
53%
In which month do the Russians celebrate the October Revolution? November
52%
Where did French fries originate? Belgium
33%
How long did the One Hundred Years War last? 116 years
32%
What type of food are peanuts? Legumes
27%
How long did the Thirty Years War last? 30 years
15%
From what animal do we get catgut? Sheep
15%
What was King George VI's first name? Albert
10%
The Canary Islands are named after what animal? Dogs
10%
What country makes Panama Hats? Ecuador
10%
What is a hippophobe afraid of? Horses
10%
New Zealand's Ninety Mile Beach is how long? 55 Miles
7%
What color is a purple finch? Crimson
3%
What is a camel's hair brush made of? Squirrel fur
0%
No matching quizzes found
Score Distribution
Percent of People with Each Score
Percentile by Number Answered
Your Score History
You have not taken this quiz